LEADER 01138nam a2200253 i 4500 001 000000173857 003 CaOOAMICUS 005 20250709113528.0 008 080731s1970 it u000 u ita u 040 $aSeMil$bita 100 1 $aDoblhofer, Ernst,$d<1919-2002>.$0(OLS)http://semarc/name/64951 240 10$aZeichen und Wunder.$0(OLS)http://semarc/title/249151 245 10$aSegni meravigliosi :$bla decifrazione delle scritture e delle lingue scomparse /$cErnst Doblhofer. 264 1$aBrescia :$bLa Scuola,$c1970. 300 $a347 p., [32] p. di tav. :$bill. ;$c25 cm. 490 1 $aI massimi 650 4$aScrittura - Storia.$0(OLS)http://semarc/subject/9952 650 4$aPaleografia.$0(OLS)http://semarc/subject/6285 830 2$aI massimi.$0(OLS)http://semarc/title/19191 850 $aSeMil 852 $aSeMil$W1$xVenegono$y1$m3Y IV 57$j259372$B124702$CSeMilBibl$Z2$F135759 $81 996 $6245$aSegni meravigliosi :$bla decifrazione delle scritture e delle lingue scomparse$9(OLS)http://semarc/title/249150 996 $6264$aBrescia :$bLa Scuola$9(OLS)http://semarc/publisher/29831 LEADER 00894nam a2200205 i 4500 001 000000072892 003 CaOOAMICUS 005 20090429000000.0 008 090429s1950 fr u000 u fre u 013 $a44064 040 $aSeMil$bita 245 10$aEssai sur Dieu, l'homme et l'univers /$cpublié sous la direction et avec une introduction de Jacques de Bivort de la Saudée. 260 $aTournai ; Paris :$bCasterman,$c1950. 300 $aVIII, 508 p. ;$c22 cm. 650 4$aCristianesimo - Filosofia.$0(OLS)http://semarc/subject/584 700 1 $aBivort de la Saudée, Jacques : de.$0(OLS)http://semarc/name/31318 850 $aSeMil 852 $aSeMil$W1$xVenegono$y1$m2Q III 130$j39045$B39045$CSeMilBibl$Z2$F39048 $81 996 $6245$aEssai sur Dieu, l'homme et l'univers$9(OLS)http://semarc/title/117598 996 $6260$aTournai ; Paris :$bCasterman$9(OLS)http://semarc/publisher/29871